000 00692nam a22002177a 4500
999 _c11192
_d11192
003 AR-CdUCM
008 190403b ||||| |||| 00| 0 spa d
040 _aMUNICIPALIDAD PROVINCIAL DEL CUSCO
_cBIBLIOTECA MUNICIPAL DEL CUSCO
082 _24ed.
_aES / 036 /
_bSA16
100 _aSainz Pardo, Manuel
_928422
245 _aIniciación al Modelismo Naval /
260 _aMadrid :
_bEdiciones Monte Esquinza,
_bEdiciones Santillana,
_c1966.
300 _a95 paginas ;
_bilustraciones, graficos, dibujos,
_c20 cm.
500 _aNaval
650 _aMar
_9935
650 _aNaval
_928423
650 _aFuerza Maritima
_928424
650 _aLiteratura
_983
942 _2ddc
_cLIBROS
945 _apjha